Nebencharaktere von Avatar Der Herr der Elemente - Statistiken

Allgemein
  • Dieses Quiz wurde 29 mal gespielt
  • Das Durchschnittsergebnis liegt bei 6 aus 13
Antwortstatistiken
Bildquiz Antwort % Korrekt
König Bumi
96%
Gran Gran
79%
Admiral Zhao
71%
Hakoda
71%
Prinzessin Yue
67%
Feuerlord Azulon
50%
Meister Pakku
46%
Bato
33%
Flopsy
25%
Tom-Tom
8%
Moku
4%
Chong
0%
Leutnant Jee
0%
Keine übereinstimmenden Quizze gefunden
Verteilung der Resultate
Anzahl Personen mit jedem Resultat
Perzentil nach korrekt beantworteten Fragen
Ihre Resultats-Entwicklung
Sie haben dieses Quiz noch nicht gespielt